000 02566nam a2200409 i 4500
001 186736
003 ES-MaACL
005 20240923063114.0
008 170210s2002 sp a |||| | spa d
017 _aM 45612-2002
020 _a8477747318
040 _aES-MaACL
_cspa
080 _a27-27
080 _a27-23:82
100 1 _aGarcía Gibert, Javier.
_9161698
_eaut
245 1 0 _aCon sagradas escrituras :
_bdiez ensayos sobre literatura bíblica /
_cJavier García Gibert.
246 3 4 _aConsagradas escrituras
260 _aMadrid :
_bA. Machado Libros,
_c2002.
300 _a363 p. :
_bil. ;
_c24 cm.
490 1 _aA. Machado libros literatura y debate crítico ;
_v31
500 _aCatalogación provisional. N-10069. Depósito J
500 _aÍndice.
504 _aReferencias bibliográficas.
520 _aLos ensayos que integran el presente libro (siete sobre el Antiguo y tres sobre el Nuevo Testamento) recogen un proceso de reflexión riguroso y sugerente sobre una parte esencial –aunque poco atendida en los últimos tiempos– de nuestra cultura. Con una visión netamente humanística, que subraya la entidad literaria, la trascendencia ética y la profundidad humana de los libros, textos o motivos seleccionados, el autor nos propone una original hermenéutica para el análisis de la literatura bíblica. Lo que de tópica y rudimentaria tiene la comprensión habitual de este corpus de origen judío, así como sus lecturas unilaterales o especializadas de diverso signo, queda de este modo trascendido por una perspectiva más amplia y ajustada, donde los matices y la evolución interana, así como la estimulante variedad de ámbitos de recepción y la interrelación fecunda con otros códigos y tradiciones son elementos imprescindibles.
630 0 4 _aBiblia-
_xCrítica e interpretación.
_9119239
650 4 _aBiblia y literatura.
_9160154
830 0 _aA. Machado libros literatura y debate crítico ;
_v31
_9192593
852 _aES-MaACL
_jA-14019
_9193793
_bR.151310
_cDEPO1
_dOlim: N-7019
_xEncuadernación rústica con solapas
852 _aES-MaACL
_cDEPOJ
_hDonación: Javier García Gibert
_9203867
_jN-10069
_gDedicatoria autógrafa del autor
_xEncuadernación rústica con solapas
_dDB-27
903 _9161698
_aGarcía Gibert, Javier
_ednr
942 _2udc
_cMONOGRAFIA
_n0
999 _c186736
_d186736